000 00651nam a2200217 a 4500
003 OSt
005 20140311163036.0
008 110815s19uu xx 00 eng d
020 _a9789814336710
050 _aTX 911.3.M27
_b.Sz95 2011
100 _aSzende, Peter
_930583
245 _aHospitality supervision case scenarios /
_cPeter Szende.
260 _aSingapore :
_bCengage Learning,
_c2011.
300 _a167 p. :
_bill. ;
_c23 cm.
650 _aHospitality industry-Management.
650 _aLeadershi- Case studies.
_930584
650 _aSupervision-Case studies.
_930585
942 _cBK
_2lcc
_kFOR
999 _c39678
_d39678